000 00746nam a2200169Ia 4500
003 GCL
008 140319s9999 xx 000 0 ara d
040 _aGCL /
_cGCL
082 0 4 _a929.4
_bب ط
100 1 _aالبرديجى : ابى بكر بن هارون بن هارون بن روح
245 1 0 _aكتاب فيه طبقات الاسماء المفردة من الصحابة والتابعين واصحاب الحديث /
_cالبرديجى : ابى بكر بن هارون بن هارون بن روح
260 _aسوريا :
_bطلاس للدراسات والترجمة والنشر ،
_c1987
300 _a167 ص ؛
_c25 سم
490 _aمن التراث العربى
_v0
650 0 4 _aالاسماء الشخصية
942 _2ddc
_cBK
999 _c49096
_d49096